00173nam a2200085Ia 4500100000900000245004700009260000900056082001000065546001200075 a#N/A aThampi Object Oriented Programming in JAVA b#N/A b22233 aENGLISH